000 00498nam a22001937a 4500
003 CEME
005 20210628202405.0
008 210122b xxu||||| |||| 00| 0 eng d
020 _a0-15-506448-7
040 _c.
082 _a658.45 BUR
100 _aBurnett, Rebecca .E
_946284
245 _aTechnical communication
250 _a5TH
260 _aNEW YORK
_bHARCOURT
_c2001
300 _aXXVII, 736 P
650 _aBUSINESS COMMUNICATION.TECHNICAL COMMUNICATION
_959714
942 _cBK
_2ddc
999 _c569624
_d569624